Prison Break Staff Baseball Team Quiz Stats

 Plays Quiz not verified by Sporcle

Support Sporcle.
Go Orange.
Score 0/9 Timer 15:00
0 Plays Today
Position Character % Correct
3rd BasemanTheodore 'T-Bag' Bagwell
46.3%
PitcherLincoln 'The Sink' Burrows
46.3%
1st BasemanBenjamin 'C-Note' Miles Franklin
43.3%
Right Fielder David 'Tweener' Apolskis
41.8%
ShortstopMichael Scofield
40.3%
Center FielderCharles 'Haywire' Patoshik
34.3%
2nd BasemanFernando Sucre
32.8%
Left FielderJohn Abruzzi
28.4%
CatcherManche
13.4%

You're not logged in!

Compare scores with friends on all Sporcle quizzes.
OR
Log In

From the Vault

Second Words

by jdfulp

These things are always just a step behind.

You Might Also Like...

Remove Ads.
Support Sporcle.
Get the best of Sporcle when you Go Orange. This ad-free experience offers more features, more stats, and more fun while also helping to support Sporcle. Thank you for becoming a member.

Show Comments

Extras

Top Quizzes Today


Score Distribution

Your Account Isn't Verified!

In order to create a playlist on Sporcle, you need to verify the email address you used during registration. Go to your Sporcle Settings to finish the process.

Report this User

Report this user for behavior that violates our Community Guidelines.

Details: